| 000 | 006680000a22002170004500 | ||
|---|---|---|---|
| 001 | 52450 | ||
| 010 | _a972-0-31198-3 | ||
| 100 | _a20170316d2017 k y0pory5003 ba | ||
| 101 | 0 | _aeng | |
| 102 | _aPT | ||
| 200 | 1 |
_aThe new kid at school _fMichelle Calhoun Ferro _gil. Ricardo Ferrand |
|
| 210 |
_aPorto _cPorto Editora _d2004 |
||
| 215 | _a32 p | ||
| 606 |
_92117 _aLiteratura inglesa _xConto |
||
| 675 |
_a821.111-93 _vBN _zpor |
||
| 675 |
_a821.111-34 _vBN _zpor |
||
| 700 | 1 |
_919718 _aFerro _bMichelle Calhoun |
|
| 702 | 1 |
_919280 _4440 _aFerrand _bRicardo |
|
| 801 |
_aPT _c20170316 |
||
| 090 | _a52450 | ||
| 942 |
_cMON _n0 |
||
| 999 | _a52450 | ||